| 000 | 00752cam a22002533a 4500 | ||
|---|---|---|---|
| 001 | 21827 | ||
| 003 | PGUSA | ||
| 005 | 20140828083450.0 | ||
| 008 | 070614s2007||||xxu|||||s|||||000 | eng d | ||
| 040 |
_aPGUSA _beng |
||
| 042 | _adc | ||
| 050 | 4 | _aPA | |
| 100 | 1 |
_aQuintilianus, Marcus Fabius, _d35-96 |
|
| 245 | 1 | 0 |
_aM. Fabi Quintiliani institutionis oratoriae liber decimus _h[electronic resource] / _cMarcus Fabius Quintilianus |
| 260 |
_bProject Gutenberg, _c2007 |
||
| 506 | _aPublic domain in the USA. | ||
| 516 | _aElectronic text | ||
| 653 | _aOratory | ||
| 653 | _aRhetoric, Ancient | ||
| 700 | 1 |
_aPeterson, William, _d1856-1921 |
|
| 830 | 0 |
_aProject Gutenberg _v21827 |
|
| 856 | 4 | 0 | _uhttp://www.gutenberg.org/ebooks/21827 |
| 942 | _cEB | ||
| 999 |
_c251082 _d251082 |
||